| 000 | 01412nam a2200241Ia 4500 | ||
|---|---|---|---|
| 999 |
_c34849 _d34849 |
||
| 001 | 666 | ||
| 003 | GE_BSU | ||
| 005 | 20221125113216.0 | ||
| 008 | 181216s2001||||ge |||||||||||||| ||geo|| | ||
| 040 | _cGE_BSU | ||
| 041 | _ageo | ||
| 080 | _a159.9 ნ-16 | ||
| 100 |
_aნადირაშვილი, შოთა _9747 |
||
| 245 |
_aგანწყობის ანტროპული თეორია / _cშოთა ნადირაშვილი; რედაქტორი: ამირან გრიგოლავა; საქართველოს მეცნიერებათა აკადემიის დ. უზნაძის სახელობის ფსიქოლოგიის ინსტიტუტი. |
||
| 264 |
_aთბილისი : _bდ.უზნაძის სახ. ფსიქოლოგია ინ-ტი, _c2001. |
||
| 300 | _a207 გვ. | ||
| 504 | _aბიბლიოგრაფია გვ. 202-204. | ||
| 541 | _h8 ლ. | ||
| 653 | _aფსიქოლოგია | ||
| 700 |
_a გრიგოლავა, ამირან _eრედაქტორი _916091 |
||
| 710 |
_aსაქართველოს მეცნიერებათა აკადემიის დ. უზნაძის სახელობის ფსიქოლოგიის ინსტიტუტი _916092 |
||
| 942 |
_cBK _2udc |
||